[Event "Bombeiros Fabom op 1st"]
[Site "Bombeiros"]
[Date "2020.02.20"]
[Round "2"]
[White "Pinto Romano, Alexandre"]
[Black "Luz da Costa, Carlos Henrique"]
[Result "1-0"]
[WhiteElo "1974"]
[BlackElo "1761"]
[PlyCount "38"]
[EventDate "2020.02.13"]
[EventType "swiss"]
[EventRounds "6"]
[EventCountry "BRA"]
[SourceTitle "EXT 2021"]
[Source "ChessBase"]
[SourceDate "2020.10.23"]
[SourceVersion "1"]
[SourceVersionDate "2020.10.23"]
[SourceQuality "1"]

1. e4 d6 2. d4 e5 3. dxe5 dxe5 4. Qxd8+ Kxd8 5. Bc4 f6 6. Nc3 c6 7. Be3 Bd6 8. 0-0-0 Kc7 9. Nf3 Nd7 10. Rd2 Nb6 11. Bb3 Ne7 12. Rhd1 Rd8 13. Bc5 Bxc5 14. Rxd8 Bxf2 15. Re8 Bc5 16. Rdd8 Ng6 17. Na4 Nxa4 18. Bxa4 Be7 19. Rd1 Nf8 1-0